000 01254nam a2200325Ia 4500
001 ebr10484323
003 CaPaEBR
006 m u
007 cr cn|||||||||
008 110807s2011 enka sb 001 0 eng d
020 _z9781905539772
040 _aCaPaEBR
_cCaPaEBR
035 _a(OCoLC)747412427
050 1 4 _aRC683.5.E5
_bR69 2011eb
100 1 _aRowlands, Angela.
245 1 4 _aThe ECG workbook
_h[electronic resource] /
_cAngela Rowlands, Andrew Sargent.
250 _a2nd ed.
260 _aCumbria [England] :
_bM&K,
_c2011.
300 _aviii, 99 p. :
_bcol. ill.
500 _aPrevious edition: 2008.
504 _aIncludes bibliographical references and index.
533 _aElectronic reproduction.
_bPalo Alto, Calif. :
_cebrary,
_d2011.
_nAvailable via World Wide Web.
_nAccess may be limited to ebrary affiliated libraries.
650 0 _aElectrocardiography.
650 0 _aElectrocardiography
_xInterpretation
_vHandbooks, manuals, etc.
650 0 _aHeart
_xDiseases
_xDiagnosis.
655 7 _aElectronic books.
_2local
700 1 _aSargent, Andrew.
710 2 _aebrary, Inc.
856 4 0 _uhttp://site.ebrary.com/lib/rucke/Doc?id=10484323
_zAn electronic book accessible through the World Wide Web; click to view
999 _c120688
_d120688